Foundations of physical science with earth science : (Record no. 7886)
[ view plain ]
| 000 -LEADER | |
|---|---|
| fixed length control field | 00672nam a22002172 4500 |
| 001 - CONTROL NUMBER | |
| control field | 0000009362 |
| 005 - DATE AND TIME OF LATEST TRANSACTION | |
| control field | 20151217152054.0 |
| 008 - FIXED-LENGTH DATA ELEMENTS--GENERAL INFORMATION | |
| fixed length control field | 081005s xx 000 0 eng d |
| 020 ## - INTERNATIONAL STANDARD BOOK NUMBER | |
| International Standard Book Number | 1588920607 : |
| Terms of availability | KES 500 |
| 040 ## - CATALOGING SOURCE | |
| Original cataloging agency | KABU |
| Transcribing agency | KABU |
| 100 1# - MAIN ENTRY--PERSONAL NAME | |
| Personal name | Hsu, Tom. |
| -- | 0000160643 |
| 245 10 - TITLE STATEMENT | |
| Title | Foundations of physical science with earth science : |
| Remainder of title | investigations / |
| Statement of responsibility, etc. | Tom Hsu. |
| 260 ## - PUBLICATION, DISTRIBUTION, ETC. (IMPRINT) | |
| Place of publication, distribution, etc. | Peabody, MA : |
| Name of publisher, distributor, etc. | CPO Science, |
| Date of publication, distribution, etc. | 2003. |
| 300 ## - PHYSICAL DESCRIPTION | |
| Extent | viii, 271 p. |
| 650 #0 - SUBJECT ADDED ENTRY--TOPICAL TERM | |
| Topical term or geographic name as entry element | Physics. |
| -- | 0000153778 |
| 650 #0 - SUBJECT ADDED ENTRY--TOPICAL TERM | |
| Topical term or geographic name as entry element | Physical sciences. |
| -- | 0000153974 |
| 908 ## - PUT COMMAND PARAMETER (RLIN) | |
| Put command parameter | 081005 |
| 950 ## - LOCAL HOLDINGS (RLIN) | |
| -- | 1 |
| Withdrawn status | Lost status | Source of classification or shelving scheme | Not for loan | Home library | Current library | Date acquired | Total Checkouts | Full call number | Barcode | Date last seen | Date last checked out | Price effective from | Koha item type |
|---|---|---|---|---|---|---|---|---|---|---|---|---|---|
| Library of Congress Classification | Kabarak, Main Campus | Kabarak, Main Campus | 17/12/2015 | 1 | QC23 .H78 c. 1 | 15049 | 03/11/2022 | 03/11/2022 | 17/12/2015 | General Collection | |||
| Library of Congress Classification | Kabarak, Main Campus | Kabarak, Main Campus | 17/12/2015 | QC23 .H78 c. 2 | 15050 | 17/12/2015 | 17/12/2015 | General Collection |